[Event "CZE-chT2F 1314"]
[Site "Czech Republic"]
[Date "2014.03.02"]
[Round "9.62"]
[White "Jaworski, Miroslaw"]
[Black "Sikora Lerch, Jan"]
[Result "1-0"]
[WhiteElo "2281"]
[BlackElo "2187"]
[PlyCount "49"]
[EventDate "2013.11.03"]
[EventType "team-tourn"]
[EventRounds "11"]
[EventCountry "CZE"]
[SourceTitle "EXT 2016"]
[Source "ChessBase"]
[SourceDate "2015.10.08"]
[SourceVersion "1"]
[SourceVersionDate "2015.10.08"]
[SourceQuality "1"]
[WhiteTeam "Havirov Slovan"]
[BlackTeam "Mosty u Jablunkova"]
[WhiteTeamCountry "CZE"]
[BlackTeamCountry "CZE"]

1. d4 c5 2. d5 Nf6 3. c4 e6 4. Nc3 exd5 5. cxd5 d6 6. e4 g6 7. h3 Bg7 8. Nf3 0-0 9. Bd3 b5 10. Nxb5 Nxe4 11. Bxe4 Re8 12. Ng5 h6 13. Ne6 fxe6 14. 0-0 e5 15. Bxg6 Rf8 16. Qh5 Ba6 17. a4 Bxb5 18. axb5 Nd7 19. Bxh6 Nf6 20. Qg5 Bxh6 21. Qxh6 Qe7 22. Ra3 Qg7 23. Qh4 Qxg6 24. Rg3 Qxg3 25. fxg3 1-0

[Event "CZE-chT2F 1314"]
[Site "Czech Republic"]
[Date "2014.02.16"]
[Round "8.13"]
[White "Tomecek, Jan"]
[Black "Sikora Lerch, Jan"]
[Result "1-0"]
[WhiteElo "2153"]
[BlackElo "2187"]
[PlyCount "45"]
[EventDate "2013.11.03"]
[EventType "team-tourn"]
[EventRounds "11"]
[EventCountry "CZE"]
[SourceTitle "EXT 2016"]
[Source "ChessBase"]
[SourceDate "2015.10.08"]
[SourceVersion "1"]
[SourceVersionDate "2015.10.08"]
[SourceQuality "1"]
[WhiteTeam "Havirov Banik"]
[BlackTeam "Mosty u Jablunkova"]
[WhiteTeamCountry "CZE"]
[BlackTeamCountry "CZE"]

1. d4 c5 2. e3 Nf6 3. Nf3 e6 4. Be2 b6 5. 0-0 Bb7 6. c4 Be7 7. Nc3 cxd4 8. Nxd4 a6 9. b3 0-0 10. Bb2 d5 11. cxd5 Nxd5 12. Rc1 Ra7 13. Bd3 g6 14. Nxd5 Bxd5 15. Qe2 e5 16. Nc2 e4 17. Bc4 b5 18. Bxd5 Qxd5 19. Rfd1 Qa8 20. Qd2 Nd7 21. Nb4 Bxb4 22. Qxb4 Nb6 23. Qd4 1-0

[Event "CZE-chT2F 1314"]
[Site "Czech Republic"]
[Date "2014.02.02"]
[Round "7.62"]
[White "Sikora Lerch, Jan"]
[Black "Nabelek, Marek"]
[Result "1/2-1/2"]
[WhiteElo "2187"]
[BlackElo "2274"]
[PlyCount "23"]
[EventDate "2013.11.03"]
[EventType "team-tourn"]
[EventRounds "11"]
[EventCountry "CZE"]
[SourceTitle "EXT 2016"]
[Source "ChessBase"]
[SourceDate "2015.10.08"]
[SourceVersion "1"]
[SourceVersionDate "2015.10.08"]
[SourceQuality "1"]
[WhiteTeam "Mosty u Jablunkova"]
[BlackTeam "Opava KVS"]
[WhiteTeamCountry "CZE"]
[BlackTeamCountry "CZE"]

1. c4 Nf6 2. g3 g6 3. Bg2 Bg7 4. Nc3 0-0 5. d4 d6 6. e4 Nc6 7. Nge2 Bg4 8. h3 Bd7 9. d5 Na5 10. b3 c5 11. Bb2 a6 12. f4 1/2-1/2

[Event "CZE-chT2F 1314"]
[Site "Czech Republic"]
[Date "2013.12.15"]
[Round "4.31"]
[White "Sikora Lerch, Jan"]
[Black "Biolek, Richard"]
[Result "0-1"]
[WhiteElo "2187"]
[BlackElo "2419"]
[PlyCount "66"]
[EventDate "2013.11.03"]
[EventType "team-tourn"]
[EventRounds "11"]
[EventCountry "CZE"]
[SourceTitle "EXT 2016"]
[Source "ChessBase"]
[SourceDate "2015.10.08"]
[SourceVersion "1"]
[SourceVersionDate "2015.10.08"]
[SourceQuality "1"]
[WhiteTeam "Mosty u Jablunkova"]
[BlackTeam "Prerov II"]
[WhiteTeamCountry "CZE"]
[BlackTeamCountry "CZE"]

1. c4 e6 2. g3 d5 3. Bg2 c6 4. Nf3 Nf6 5. b3 Bd6 6. d4 Nbd7 7. 0-0 0-0 8. Ba3 Bxa3 9. Nxa3 Qe7 10. Nc2 dxc4 11. bxc4 e5 12. Nxe5 Nxe5 13. dxe5 Qxe5 14. Ne3 Ng4 15. Nxg4 Bxg4 16. Re1 Rad8 17. Qb3 Rd2 18. Rac1 Bc8 19. Bf1 Rfd8 20. Rc3 Qa5 21. a3 Be6 22. Re3 b5 23. Rxe6 fxe6 24. cxb5 R2d6 25. Rc1 cxb5 26. e4 Qd2 27. Rc2 Qd1 28. Qa2 Qf3 29. Rc1 Qxe4 30. Bxb5 Rd1+ 31. Rxd1 Rxd1+ 32. Bf1 Kf7 33. Qb3 Rb1 0-1

[Event "CZE-chT2F 1314"]
[Site "Czech Republic"]
[Date "2013.12.01"]
[Round "3.43"]
[White "Karlik, Ondrej"]
[Black "Sikora Lerch, Jan"]
[Result "0-1"]
[WhiteElo "2091"]
[BlackElo "2187"]
[PlyCount "94"]
[EventDate "2013.11.03"]
[EventType "team-tourn"]
[EventRounds "11"]
[EventCountry "CZE"]
[SourceTitle "EXT 2016"]
[Source "ChessBase"]
[SourceDate "2015.10.08"]
[SourceVersion "1"]
[SourceVersionDate "2015.10.08"]
[SourceQuality "1"]
[WhiteTeam "Hostalkova"]
[BlackTeam "Mosty u Jablunkova"]
[WhiteTeamCountry "CZE"]
[BlackTeamCountry "CZE"]

1. e4 d5 2. exd5 Nf6 3. d4 Nxd5 4. c4 Nb6 5. Nc3 e5 6. d5 c6 7. Be3 cxd5 8. cxd5 Bb4 9. Bb5+ Bd7 10. Qb3 Bxc3+ 11. bxc3 Bxb5 12. Qxb5+ Qd7 13. Rb1 Nxd5 14. Qxb7 Qxb7 15. Rxb7 Nc6 16. Nf3 0-0 17. c4 Nxe3 18. fxe3 Na5 19. Re7 f6 20. 0-0 Rf7 21. Rxf7 Kxf7 22. Nxe5+ Ke6 23. Nd3 Nxc4 24. Rc1 Rc8 25. Kf2 Kd5 26. Nf4+ Ke5 27. Nd3+ Ke4 28. Ke2 Nd6 29. Rxc8 Nxc8 30. Nf2+ Kd5 31. Kd3 Nd6 32. Nd1 Ne4 33. Nb2 Nf2+ 34. Ke2 Ng4 35. h3 Ne5 36. Na4 Kc4 37. Nb2+ Kc3 38. Nd1+ Kc2 39. e4 Nc4 40. g4 Nd6 41. Ne3+ Kb2 42. Kd3 Kxa2 43. Nd5 Kb3 44. g5 fxg5 45. e5 Nb7 46. Kd4 a5 47. e6 Nd8 0-1

[Event "CZE-chT2F 1314"]
[Site "Czech Republic"]
[Date "2013.11.17"]
[Round "2.43"]
[White "Sikora Lerch, Jan"]
[Black "Taus, Martin"]
[Result "1-0"]
[WhiteElo "2187"]
[BlackElo "2119"]
[PlyCount "51"]
[EventDate "2013.11.03"]
[EventType "team-tourn"]
[EventRounds "11"]
[EventCountry "CZE"]
[SourceTitle "EXT 2016"]
[Source "ChessBase"]
[SourceDate "2015.10.08"]
[SourceVersion "1"]
[SourceVersionDate "2015.10.08"]
[SourceQuality "1"]
[WhiteTeam "Mosty u Jablunkova"]
[BlackTeam "Poruba VOKD"]
[WhiteTeamCountry "CZE"]
[BlackTeamCountry "CZE"]

1. c4 Nc6 2. g3 d5 3. cxd5 Qxd5 4. Nf3 Nf6 5. Nc3 Qh5 6. h3 Bd7 7. Bg2 0-0-0 8. d3 h6 9. Bd2 g5 10. b4 e5 11. b5 Nd4 12. Nxe5 g4 13. Nxd7 Rxd7 14. hxg4 Qe5 15. g5 Ng4 16. Qa4 Nxe2 17. Qxg4 Nxc3+ 18. Kf1 Ne4 19. Qxe4 Qxa1+ 20. Ke2 Qxa2 21. Qe8+ Rd8 22. Bh3+ Qe6+ 23. Bxe6+ fxe6 24. Qxe6+ Kb8 25. gxh6 Bc5 26. Be3 1-0

[Event "Karvina op"]
[Site "Karvina"]
[Date "2012.07.01"]
[Round "2"]
[White "Andreev, Eduard"]
[Black "Sikora Lerch, Jan"]
[Result "1-0"]
[WhiteElo "2498"]
[BlackElo "2194"]
[PlyCount "73"]
[EventDate "2012.06.30"]
[EventType "swiss"]
[EventRounds "9"]
[EventCountry "CZE"]
[SourceTitle "EXT 2014"]
[Source "ChessBase"]
[SourceDate "2013.11.20"]
[SourceVersion "1"]
[SourceVersionDate "2013.11.20"]
[SourceQuality "1"]

1. e4 d5 2. exd5 Nf6 3. d4 Nxd5 4. Nf3 Bg4 5. h3 Bh5 6. c4 Nb6 7. c5 N6d7 8. Nc3 e6 9. g4 Bg6 10. Qb3 Qc8 11. Bg2 c6 12. Bg5 Na6 13. 0-0 Nc7 14. Nh4 Bd3 15. Rfe1 h6 16. Bf4 Be7 17. Nf5 Bxf5 18. gxf5 0-0 19. Bxc7 Qxc7 20. fxe6 Nf6 21. exf7+ Rxf7 22. Re5 Rd8 23. Rae1 Kf8 24. Ne2 Nd7 25. Re4 Bg5 26. h4 Bd2 27. Rd1 Nf6 28. Rxd2 Nxe4 29. Bxe4 Qe7 30. Bg2 Qxh4 31. Qg3 Qf6 32. d5 cxd5 33. Bxd5 Rfd7 34. Nf4 Ke8 35. Re2+ Re7 36. Ne6 Rxd5 37. Nc7+ 1-0

[Event "Ostrava Konik op-A"]
[Site "Ostrava"]
[Date "2012.05.02"]
[Round "5"]
[White "Sikora Lerch, Jan"]
[Black "Didi, Jan"]
[Result "1-0"]
[WhiteElo "2206"]
[BlackElo "2019"]
[PlyCount "81"]
[EventDate "2012.04.28"]
[EventType "swiss"]
[EventRounds "9"]
[EventCountry "CZE"]
[SourceTitle "CBM 148 Extra"]
[Source "ChessBase"]
[SourceDate "2012.06.22"]
[SourceVersion "1"]
[SourceVersionDate "2012.06.22"]
[SourceQuality "1"]

1. c4 c5 2. g3 Nf6 3. Bg2 d5 4. cxd5 Nxd5 5. Nc3 Nc7 6. Nh3 e5 7. f4 Bxh3 8. Bxh3 exf4 9. 0-0 Bd6 10. gxf4 0-0 11. e3 Nc6 12. Rf2 Re8 13. b3 Nb4 14. Bf1 Be7 15. Qf3 Bf6 16. Bb2 b6 17. Nd1 Bxb2 18. Nxb2 Qf6 19. d3 Qc3 20. Rb1 b5 21. Nd1 Qf6 22. Rc1 Qe7 23. a3 Nbd5 24. e4 Nf6 25. e5 Nfd5 26. Rfc2 Nb6 27. Ne3 Ne6 28. Nf5 Qf8 29. Nd6 Nd4 30. Qf2 Re6 31. Rc3 f6 32. Bh3 f5 33. Rxc5 Nxb3 34. Qa2 Nxc5 35. Rxc5 Nc4 36. dxc4 Rxd6 37. exd6 Qxd6 38. cxb5+ Kh8 39. Qd5 Qg6+ 40. Kf2 Re8 41. Qxf5 1-0

[Event "CZE-chT2F 1112"]
[Site "Czech Republic"]
[Date "2012.01.22"]
[Round "6.21"]
[White "Sikora Lerch, Jan"]
[Black "Vesselovsky, Serguei"]
[Result "0-1"]
[WhiteElo "2207"]
[BlackElo "2362"]
[PlyCount "47"]
[EventDate "2011.10.09"]
[EventType "team-tourn"]
[EventRounds "11"]
[EventCountry "CZE"]
[SourceTitle "EXT 2013"]
[Source "ChessBase"]
[SourceDate "2012.11.22"]
[SourceVersion "1"]
[SourceVersionDate "2012.11.22"]
[SourceQuality "1"]
[WhiteTeam "Koprivnice Tatra"]
[BlackTeam "Frydek Mistek II"]
[WhiteTeamCountry "CZE"]
[BlackTeamCountry "CZE"]

1. e4 c5 2. f4 Nc6 3. Nf3 g6 4. Bb5 Qc7 5. Bxc6 Qxc6 6. Nc3 Bg7 7. d4 d6 8. d5 Qa6 9. Qe2 Qxe2+ 10. Kxe2 a6 11. a4 Nf6 12. Re1 0-0 13. h3 e6 14. dxe6 Bxe6 15. e5 dxe5 16. Nxe5 Nd7 17. Nxd7 Bxd7 18. Be3 Bc6 19. Bxc5 Rfc8 20. Rg1 Bxg2 21. Rxg2 Rxc5 22. Rg3 Re8+ 23. Kd1 Bxc3 24. bxc3 0-1

[Event "CZE-ch"]
[Site "Ostrava"]
[Date "2010.05.09"]
[Round "8"]
[White "Sikora Lerch, Jan"]
[Black "Obsivac, Josef"]
[Result "1/2-1/2"]
[WhiteElo "2205"]
[BlackElo "2295"]
[PlyCount "70"]
[EventDate "2010.05.01"]
[EventType "swiss"]
[EventRounds "9"]
[EventCountry "CZE"]
[SourceTitle "CBM 136 Extra"]
[Source "ChessBase"]
[SourceDate "2010.07.02"]
[SourceVersion "2"]
[SourceVersionDate "2010.07.15"]
[SourceQuality "1"]

1. c4 e5 2. g3 Nf6 3. Bg2 c6 4. d4 exd4 5. Qxd4 d5 6. Nc3 Be6 7. cxd5 cxd5 8. Nf3 Nc6 9. Qa4 Bc5 10. Ne5 0-0 11. Nxc6 bxc6 12. 0-0 Qd7 13. Bg5 Ng4 14. Rad1 h6 15. Bc1 Rad8 16. Qc2 Bb6 17. Na4 Rfe8 18. Nc5 Bf5 19. Nxd7 Bxc2 20. Rd2 Be4 21. Bxe4 dxe4 22. Nxb6 axb6 23. Rc2 Re6 24. h3 Nf6 25. b3 b5 26. Be3 Nd5 27. Bc5 f5 28. e3 g5 29. Kh2 Kf7 30. a4 bxa4 31. bxa4 Ra8 32. Rc4 Rg6 33. Rg1 Kf6 34. Rb1 f4 35. Bd4+ Kf7 1/2-1/2

[Event "CZE-ch"]
[Site "Ostrava"]
[Date "2010.05.03"]
[Round "3"]
[White "Sikora Lerch, Jan"]
[Black "Lechtynsky, Jiri"]
[Result "1/2-1/2"]
[WhiteElo "2205"]
[BlackElo "2396"]
[PlyCount "42"]
[EventDate "2010.05.01"]
[EventType "swiss"]
[EventRounds "9"]
[EventCountry "CZE"]
[SourceTitle "CBM 136 Extra"]
[Source "ChessBase"]
[SourceDate "2010.07.02"]
[SourceVersion "2"]
[SourceVersionDate "2010.07.15"]
[SourceQuality "1"]

1. c4 Nf6 2. g3 e6 3. Bg2 d5 4. Nf3 dxc4 5. Qc2 Nc6 6. Qxc4 Bd7 7. 0-0 Na5 8. Qc3 c5 9. Ne5 Rc8 10. Nxd7 Nxd7 11. d3 Nc6 12. Na3 a6 13. Be3 b5 14. Nc2 Nf6 15. a4 Nd5 16. Bxd5 Qxd5 17. axb5 axb5 18. Bd2 b4 19. Qc4 Qxc4 20. dxc4 Be7 21. Ra6 0-0 1/2-1/2

[Event "CZE-chT2F 0910"]
[Site "Czech Republic"]
[Date "2009.11.22"]
[Round "3.1"]
[White "Lys, Josef"]
[Black "Sikora Lerch, Jan"]
[Result "1/2-1/2"]
[WhiteElo "2237"]
[BlackElo "2204"]
[PlyCount "117"]
[EventDate "2009.10.18"]
[EventType "team-tourn"]
[EventRounds "11"]
[EventCountry "CZE"]
[SourceTitle "EXT 2012"]
[Source "ChessBase"]
[SourceDate "2011.11.24"]
[SourceVersion "1"]
[SourceVersionDate "2011.11.24"]
[SourceQuality "1"]
[WhiteTeam "Dobra"]
[BlackTeam "Trinec III"]
[WhiteTeamCountry "CZE"]
[BlackTeamCountry "CZE"]

1. d4 c5 2. e3 Nf6 3. c4 g6 4. Nc3 Bg7 5. Nf3 0-0 6. Be2 cxd4 7. exd4 d5 8. 0-0 dxc4 9. Bxc4 Bg4 10. Be3 Nc6 11. h3 Bxf3 12. Qxf3 Nxd4 13. Qxb7 Nc2 14. Rad1 Qc8 15. Qxc8 Rfxc8 16. b3 Nxe3 17. fxe3 e6 18. Nb5 Rd8 19. a4 a5 20. Nd6 Bf8 21. Nb7 Rxd1 22. Rxd1 Ra7 23. Nd8 Rc7 24. Kf2 Ne4+ 25. Kf3 Nc5 26. Bb5 Nxb3 27. Nc6 Bb4 28. Nxb4 axb4 29. Rd8+ Kg7 30. Rb8 Nc5 31. Be8 b3 32. Rb4 Rb7 33. Bb5 Nxa4 34. Rxb3 Nc5 35. Rb1 f5 36. Bd3 Rxb1 37. Bxb1 Kf6 38. Ba2 g5 39. Bc4 e5 40. g4 f4 41. exf4 exf4 42. Bg8 h6 43. Bh7 Ke5 44. Bg6 Kd4 45. Bf5 Kc3 46. Ke2 Nb3 47. Bg6 Nd4+ 48. Kf2 Kd2 49. Be4 Nc2 50. Bc6 Ne3 51. Bb7 Nd1+ 52. Kf3 Ke1 53. Ba6 Nf2 54. h4 Nd1 55. hxg5 hxg5 56. Ke4 Nc3+ 57. Kf5 f3 58. Bb7 f2 59. Bg2 1/2-1/2

[Event "Olomouc op"]
[Site "Olomouc"]
[Date "2009.08.08"]
[Round "4"]
[White "Strebkovs, Andrejs"]
[Black "Sikora Lerch, Jan"]
[Result "1-0"]
[WhiteElo "2371"]
[BlackElo "2221"]
[PlyCount "52"]
[EventDate "2009.08.05"]
[EventType "swiss"]
[EventRounds "9"]
[EventCountry "CZE"]
[SourceTitle "CBM 131 Extra"]
[Source "ChessBase"]
[SourceDate "2009.09.03"]
[SourceVersion "2"]
[SourceVersionDate "2009.09.16"]
[SourceQuality "1"]

1. b3 g6 2. Bb2 Nf6 3. Bxf6 exf6 4. c4 Bg7 5. Nc3 h5 6. g3 h4 7. Bg2 f5 8. Rc1 hxg3 9. hxg3 Rxh1 10. Bxh1 f4 11. gxf4 Qh4 12. Bg2 Qxf4 13. Qc2 Bxc3 14. Qxc3 Qh2 15. Kf1 Nc6 16. Qg7 d6 17. Rc3 Ne7 18. Re3 Be6 19. Bxb7 Rb8 20. Bd5 Kd7 21. Qf6 Nxd5 22. cxd5 Bxd5 23. Qe7+ Kc6 24. Rc3+ Kb5 25. e4 Ba8 26. Qxc7 Rh8 1-0

[Event "Orlova op 6th"]
[Site "Orlova"]
[Date "2009.05.30"]
[Round "9"]
[White "Matuszczyk, Przemyslaw"]
[Black "Sikora Lerch, Jan"]
[Result "1/2-1/2"]
[WhiteElo "2051"]
[BlackElo "2216"]
[PlyCount "73"]
[EventDate "2009.05.23"]
[EventType "swiss"]
[EventRounds "9"]
[EventCountry "CZE"]
[SourceTitle "EXT 2012"]
[Source "ChessBase"]
[SourceDate "2011.11.24"]
[SourceVersion "1"]
[SourceVersionDate "2011.11.24"]
[SourceQuality "1"]

1. e4 c5 2. Nf3 g6 3. d4 cxd4 4. Nxd4 Nf6 5. Nc3 Nc6 6. Be3 Bg7 7. Bc4 0-0 8. f3 Qb6 9. Bb3 Ng4 10. fxg4 Bxd4 11. Bxd4 Qxd4 12. Qxd4 Nxd4 13. Nd5 Kg7 14. 0-0 d6 15. g5 Be6 16. Nc7 Rac8 17. Nxe6+ fxe6 18. c3 Nxb3 19. axb3 a6 20. Rxf8 Kxf8 21. Kf2 Rc5 22. h4 Re5 23. Kf3 Kf7 24. b4 Rb5 25. Ke3 e5 26. Rf1+ Ke8 27. Kd3 Rb6 28. g4 a5 29. Ra1 axb4 30. Ra8+ Kf7 31. h5 bxc3 32. Kxc3 Rc6+ 33. Kd3 gxh5 34. gxh5 Rc1 35. Rh8 Kg7 36. Re8 Kf7 37. Rh8 1/2-1/2

[Event "Orlova op 6th"]
[Site "Orlova"]
[Date "2009.05.28"]
[Round "7"]
[White "Wodecki, Daniel"]
[Black "Sikora Lerch, Jan"]
[Result "1/2-1/2"]
[WhiteElo "2045"]
[BlackElo "2216"]
[PlyCount "68"]
[EventDate "2009.05.23"]
[EventType "swiss"]
[EventRounds "9"]
[EventCountry "CZE"]
[SourceTitle "EXT 2012"]
[Source "ChessBase"]
[SourceDate "2011.11.24"]
[SourceVersion "1"]
[SourceVersionDate "2011.11.24"]
[SourceQuality "1"]

1. e4 d5 2. exd5 Nf6 3. d4 Nxd5 4. Nf3 Bg4 5. Be2 e6 6. 0-0 Nc6 7. Re1 Be7 8. c3 0-0 9. Nbd2 a6 10. Nc4 b5 11. Nce5 Nxe5 12. Nxe5 Bxe2 13. Qxe2 Bd6 14. Qg4 Kh8 15. Bd2 c5 16. dxc5 Bxc5 17. Rad1 Qc7 18. Bf4 Qb7 19. Bg3 Rae8 20. Nd3 Be7 21. f4 Bd8 22. Bf2 Bb6 23. Qf3 Rd8 24. g3 Bxf2+ 25. Qxf2 Rd6 26. Nc5 Qc7 27. Ne4 Rd7 28. Nc5 Rd6 29. Ne4 Rd7 30. Rd4 Rfd8 31. Ng5 h6 32. Nf3 Nf6 33. Red1 Kg8 34. Ne5 Rd5 1/2-1/2

[Event "Ostrava op"]
[Site "Ostrava"]
[Date "2009.05.10"]
[Round "9"]
[White "Jedlicka, Ales"]
[Black "Sikora Lerch, Jan"]
[Result "0-1"]
[WhiteElo "2305"]
[BlackElo "2215"]
[PlyCount "120"]
[EventDate "2009.05.02"]
[EventType "swiss"]
[EventRounds "9"]
[EventCountry "CZE"]
[SourceTitle "EXT 2011"]
[Source "ChessBase"]
[SourceDate "2010.11.26"]
[SourceVersion "1"]
[SourceVersionDate "2010.11.26"]
[SourceQuality "1"]

1. d4 Nf6 2. Nf3 g6 3. c4 Bg7 4. Nc3 0-0 5. e4 d6 6. Be2 e5 7. Be3 exd4 8. Nxd4 Re8 9. f3 c6 10. Bf2 d5 11. exd5 cxd5 12. 0-0 Nc6 13. Nxc6 bxc6 14. Re1 Be6 15. cxd5 Nxd5 16. Nxd5 Bxd5 17. Bd4 Bxf3 18. Bxg7 Qxd1 19. Raxd1 Bxe2 20. Rd2 Kxg7 21. Rdxe2 Rxe2 22. Rxe2 Kf8 23. Re4 Rd8 24. Ra4 Rd7 25. Kf2 Ke7 26. Ke3 h5 27. b4 Kd6 28. Ra5 Rb7 29. a3 Kc7 30. g3 Kb6 31. h3 Rd7 32. Rc5 Rd1 33. a4 Rb1 34. a5+ Kc7 35. Rc4 Rb3+ 36. Kf4 Kd6 37. Rd4+ Ke7 38. Rc4 Kd7 39. Rd4+ Ke6 40. Rc4 Kd5 41. Rc5+ Kd6 42. Rc4 Rd3 43. Re4 Kd7 44. Rc4 f6 45. h4 a6 46. Re4 Rd5 47. Rc4 Kd6 48. Kf3 c5 49. bxc5+ Rxc5 50. Ra4 Kc6 51. g4 Kb5 52. gxh5 gxh5 53. Rf4 f5 54. Rd4 Kxa5 55. Rd6 Kb5 56. Kf4 a5 57. Rh6 a4 58. Rxh5 a3 59. Rh8 a2 60. Rb8+ Ka4 0-1

[Event "EU-chT Seniors 11th"]
[Site "Velden"]
[Date "2009.04.13"]
[Round "9"]
[White "Chernikov, Oleg L"]
[Black "Sikora Lerch, Jan"]
[Result "1-0"]
[WhiteElo "2388"]
[BlackElo "2216"]
[PlyCount "91"]
[EventDate "2009.04.05"]
[EventType "team-swiss"]
[EventRounds "9"]
[EventCountry "AUT"]
[SourceTitle "CBM 129 Extra"]
[Source "ChessBase"]
[SourceDate "2009.05.05"]
[SourceVersion "2"]
[SourceVersionDate "2009.05.20"]
[SourceQuality "1"]

1. d4 c5 2. d5 Nf6 3. Nc3 g6 4. e4 d6 5. Bb5+ Bd7 6. a4 Bg7 7. Nf3 Na6 8. 0-0 Nc7 9. Bc4 0-0 10. e5 dxe5 11. Nxe5 Nfe8 12. Re1 Nd6 13. Bf1 h6 14. h3 Nf5 15. Bf4 Nd4 16. Nc4 Bf5 17. Ne3 Bd7 18. Ne4 g5 19. Bh2 f5 20. Nxc5 f4 21. Nc4 Bf5 22. Nd3 Nxd5 23. c3 Nc6 24. Nc5 b6 25. Ne6 Bxe6 26. Rxe6 Qd7 27. Qe1 Nc7 28. Re4 Rad8 29. f3 e5 30. Kh1 Ne8 31. Bg1 Nd6 32. Nxd6 Qxd6 33. b4 Ne7 34. c4 Nf5 35. c5 Qb8 36. Bf2 bxc5 37. bxc5 Rd4 38. Bc4+ Kh8 39. Be6 Rxe4 40. Qxe4 Qb2 41. Ra2 Qxf2 42. Rxf2 Ng3+ 43. Kh2 Nxe4 44. fxe4 Bf6 45. c6 Bd8 46. Rb2 1-0

[Event "EU-chT Seniors 11th"]
[Site "Velden"]
[Date "2009.04.06"]
[Round "2"]
[White "Nyberg, Ulf"]
[Black "Sikora Lerch, Jan"]
[Result "1-0"]
[WhiteElo "2142"]
[BlackElo "2216"]
[PlyCount "69"]
[EventDate "2009.04.05"]
[EventType "team-swiss"]
[EventRounds "9"]
[EventCountry "AUT"]
[SourceTitle "CBM 129 Extra"]
[Source "ChessBase"]
[SourceDate "2009.05.05"]
[SourceVersion "2"]
[SourceVersionDate "2009.05.20"]
[SourceQuality "1"]

1. d4 c5 2. d5 Nf6 3. Nc3 g6 4. e4 d6 5. f4 Bg7 6. Bb5+ Nfd7 7. a4 0-0 8. Nf3 Na6 9. 0-0 Nc7 10. Bc4 Nb6 11. Be2 Bg4 12. a5 Nd7 13. Be3 b5 14. axb6 axb6 15. Qd3 Rb8 16. h3 Bxf3 17. Bxf3 b5 18. Ra2 b4 19. Ne2 Nb5 20. c4 bxc3 21. bxc3 Qc8 22. Kh2 c4 23. Qc2 Nc5 24. Nd4 Nb3 25. Nxb5 Rxb5 26. Rd1 Qb8 27. Be2 Rc8 28. Rb1 Nc5 29. Rab2 Rxb2 30. Rxb2 Qc7 31. Bxc4 Bxc3 32. Qxc3 Nxe4 33. Qd4 Qxc4 34. Rb8 Nd2 35. Qxc4 1-0

[Event "CZE-chT 0809"]
[Site "Czech Republic"]
[Date "2009.02.07"]
[Round "6.7"]
[White "Kociscak, Jiri"]
[Black "Sikora Lerch, Jan"]
[Result "0-1"]
[WhiteElo "2324"]
[BlackElo "2235"]
[PlyCount "110"]
[EventDate "2008.11.08"]
[EventType "team-tourn"]
[EventRounds "11"]
[EventCountry "CZE"]
[SourceTitle "EXT 2010"]
[Source "ChessBase"]
[SourceDate "2010.11.25"]
[SourceVersion "1"]
[SourceVersionDate "2010.11.25"]
[SourceQuality "1"]
[WhiteTeam "Frydek Mistek"]
[BlackTeam "Trinec"]
[WhiteTeamCountry "CZE"]
[BlackTeamCountry "CZE"]

1. e4 c5 2. Nf3 g6 3. d4 cxd4 4. Nxd4 Nc6 5. c4 Nf6 6. Nc3 Nxd4 7. Qxd4 d6 8. Be3 Bg7 9. f3 0-0 10. Qd2 Be6 11. Rc1 Qa5 12. Be2 Rfc8 13. b3 a6 14. Nd5 Qxd2+ 15. Kxd2 Nxd5 16. exd5 Bd7 17. Rc2 h5 18. Rhc1 Kf8 19. a4 e6 20. dxe6 Bxe6 21. Bf4 Ke7 22. Bd3 Be5 23. Bg3 Bxg3 24. hxg3 a5 25. Re1 Rc5 26. Be4 Rac8 27. Rc3 R8c7 28. Rd3 Kd7 29. f4 Bf5 30. Kc3 Be6 31. Kb2 Bf5 32. Kc3 Be6 33. Rde3 d5 34. Rd1 Kc8 35. Red3 Rxc4+ 36. bxc4 Rxc4+ 37. Kb3 Rxe4 38. Rd4 Re3+ 39. R1d3 Re2 40. Rd2 Re1 41. Kb2 Kc7 42. R4d3 Re4 43. Ka3 Rc4 44. Rb3 Bd7 45. Rxd5 Rxa4+ 46. Kb2 Be6 47. Rc3+ Kb6 48. Rd6+ Kb5 49. Re3 Ra2+ 50. Kb1 Rxg2 51. Rd4 b6 52. Rc3 a4 53. Re3 Ka5 54. Re5+ b5 55. Re3 Bc4 0-1

[Event "Orlova op 5th"]
[Site "Orlova"]
[Date "2008.05.25"]
[Round "9"]
[White "Sikora Lerch, Jan"]
[Black "Mrazek, Lumir"]
[Result "1-0"]
[WhiteElo "2260"]
[BlackElo "1942"]
[PlyCount "75"]
[EventDate "2008.05.17"]
[EventType "swiss"]
[EventRounds "9"]
[EventCountry "CZE"]
[SourceTitle "EXT 2012"]
[Source "ChessBase"]
[SourceDate "2011.11.24"]
[SourceVersion "1"]
[SourceVersionDate "2011.11.24"]
[SourceQuality "1"]

1. e4 e5 2. Bc4 Nc6 3. Nf3 Nf6 4. d3 Be7 5. 0-0 0-0 6. Re1 d6 7. Nbd2 Na5 8. Bb3 h6 9. d4 Bg4 10. dxe5 dxe5 11. c3 Nd7 12. Bc2 b5 13. Nf1 c6 14. Ne3 Be6 15. b3 Qc7 16. Qe2 Rfd8 17. Nf5 Bf8 18. g4 g5 19. h4 f6 20. Kg2 Nb7 21. hxg5 hxg5 22. Rh1 Nd6 23. Bxg5 fxg5 24. Nxg5 Bxf5 25. exf5 c5 26. Ne6 Qb7+ 27. f3 Bg7 28. Rad1 e4 29. Nxg7 exf3+ 30. Qxf3 Qxf3+ 31. Kxf3 Kxg7 32. Rxd6 Ne5+ 33. Kf4 Rxd6 34. Kxe5 Rd2 35. f6+ Kf7 36. Rh7+ Kg8 37. f7+ Kf8 38. Kf6 1-0

[Event "Orlova op 5th"]
[Site "Orlova"]
[Date "2008.05.24"]
[Round "8"]
[White "Zabystrzan, Pavel"]
[Black "Sikora Lerch, Jan"]
[Result "1/2-1/2"]
[WhiteElo "2295"]
[BlackElo "2260"]
[PlyCount "21"]
[EventDate "2008.05.17"]
[EventType "swiss"]
[EventRounds "9"]
[EventCountry "CZE"]
[SourceTitle "EXT 2012"]
[Source "ChessBase"]
[SourceDate "2011.11.24"]
[SourceVersion "1"]
[SourceVersionDate "2011.11.24"]
[SourceQuality "1"]

1. d4 f5 2. Nf3 Nf6 3. g3 d5 4. Bg2 e6 5. Bg5 Bd6 6. Nbd2 0-0 7. c4 c6 8. c5 Bc7 9. b4 Nbd7 10. 0-0 h6 11. Bf4 1/2-1/2